[Event "Verbandsliga Nordbaden 2324"]
[Site "Baden"]
[Date "2024.04.21"]
[Round "9.5"]
[White "Dekan, Hans"]
[Black "Schuhmacher, Jakob"]
[Result "1/2-1/2"]
[WhiteElo "2110"]
[BlackElo "2050"]
[PlyCount "84"]
[EventDate "2023.09.24"]
[EventType "team-tourn"]
[EventRounds "9"]
[EventCountry "GER"]
[SourceTitle "EXT 2025"]
[Source "ChessBase"]
[SourceDate "2024.10.14"]
[SourceVersion "1"]
[SourceVersionDate "2024.10.14"]
[SourceQuality "1"]
[WhiteTeam "Eppingen II"]
[BlackTeam "Buchen"]
[WhiteTeamCountry "GER"]
[BlackTeamCountry "GER"]

1. e4 c6 2. d4 d5 3. Nc3 dxe4 4. Nxe4 Bf5 5. Ng3 Bg6 6. h4 h6 7. h5 Bh7 8. Nf3 Nd7 9. Bd3 Bxd3 10. Qxd3 e6 11. Bf4 Qa5+ 12. Bd2 Bb4 13. Qb3 Bxd2+ 14. Nxd2 Ngf6 15. 0-0-0 0-0 16. Nc4 Qc7 17. Rh4 b5 18. Ne3 a5 19. Qd3 Rfd8 20. Ne4 Nxe4 21. Qxe4 Nf6 22. Qe5 Qxe5 23. dxe5 Rxd1+ 24. Kxd1 Rd8+ 25. Ke2 Nd5 26. Nxd5 Rxd5 27. Re4 Kf8 28. f4 Ke7 29. c4 Rd7 30. cxb5 cxb5 31. Re3 Rd4 32. g3 Rc4 33. Kd2 f5 34. Ra3 a4 35. Rc3 Rd4+ 36. Rd3 Rxd3+ 37. Kxd3 Kd7 38. Kc3 Kc6 39. Kb4 Kb6 40. a3 Kc6 41. Ka5 Kc5 42. Ka6 Kc6 1/2-1/2

[Event "Verbandsliga Nordbaden 2324"]
[Site "Baden"]
[Date "2023.12.10"]
[Round "4.4"]
[White "Schuhmacher, Jakob"]
[Black "Kluss, Kai"]
[Result "1/2-1/2"]
[WhiteElo "2050"]
[BlackElo "2110"]
[PlyCount "66"]
[EventDate "2023.09.24"]
[EventType "team-tourn"]
[EventRounds "9"]
[EventCountry "GER"]
[SourceTitle "EXT 2025"]
[Source "ChessBase"]
[SourceDate "2024.10.14"]
[SourceVersion "1"]
[SourceVersionDate "2024.10.14"]
[SourceQuality "1"]
[WhiteTeam "Buchen"]
[BlackTeam "Bad Mergentheim II"]
[WhiteTeamCountry "GER"]
[BlackTeamCountry "GER"]

1. d4 Nf6 2. c4 e6 3. Nf3 Bb4+ 4. Bd2 Qe7 5. g3 Nc6 6. Bg2 Bxd2+ 7. Qxd2 Ne4 8. Qc2 Qb4+ 9. Nc3 Nxc3 10. Qxc3 Qxc3+ 11. bxc3 Rb8 12. Nd2 Na5 13. Rb1 b6 14. Rb4 Ke7 15. Nb3 Nxb3 16. axb3 d6 17. Ra4 a5 18. 0-0 Bb7 19. Rfa1 Bxg2 20. Kxg2 Kd7 21. R4a2 d5 22. cxd5 exd5 23. b4 axb4 24. cxb4 Rb7 25. b5 c6 26. bxc6+ Kxc6 27. Rc1+ Kd7 28. Rb2 Ra8 29. Rcb1 Ra6 30. Kf3 Kc6 31. Rc2+ Kd6 32. Rcb2 Kc6 33. Rc2+ Kd6 1/2-1/2

[Event "Verbandsliga Nordbaden 1920"]
[Site "Baden"]
[Date "2019.09.29"]
[Round "1.3"]
[White "Sandmeier, Toni"]
[Black "Schuhmacher, Jakob"]
[Result "0-1"]
[WhiteElo "2187"]
[BlackElo "2012"]
[PlyCount "118"]
[EventDate "2019.09.29"]
[EventType "team-tourn"]
[EventRounds "9"]
[EventCountry "GER"]
[SourceTitle "EXT 2021"]
[Source "ChessBase"]
[SourceDate "2020.10.23"]
[SourceVersion "1"]
[SourceVersionDate "2020.10.23"]
[SourceQuality "1"]
[WhiteTeam "Eppingen II"]
[BlackTeam "Buchen II"]
[WhiteTeamCountry "GER"]
[BlackTeamCountry "GER"]

1. c4 b6 2. Nc3 Bb7 3. e4 e6 4. Nf3 Bb4 5. Bd3 Ne7 6. 0-0 0-0 7. e5 Ng6 8. Be4 Bxe4 9. Nxe4 Be7 10. d4 d6 11. exd6 cxd6 12. d5 e5 13. b4 Qd7 14. a4 Rc8 15. Qb3 f5 16. Neg5 e4 17. Nd4 Bf6 18. Nge6 Bxd4 19. Nxd4 Ne5 20. c5 bxc5 21. bxc5 dxc5 22. Ne6 c4 23. Qg3 Nd3 24. Bh6 g6 25. h4 Nc6 26. h5 Nce5 27. Nf4 Qd6 28. Nxd3 cxd3 29. Bf4 Re8 30. hxg6 hxg6 31. Rac1 Kf7 32. Rc6 Qxd5 33. Rc7+ Nd7 34. Rfc1 Re6 35. Qh4 Rg8 36. Qh7+ Rg7 37. Qh8 Re8 38. Qh6 Kg8 39. R1c6 Re6 40. Rc8+ Kf7 41. R6c7 d2 42. Bxd2 e3 43. Bxe3 Qd1+ 44. Kh2 g5 45. Rxd7+ Qxd7 46. Qh5+ Reg6 47. Ra8 Qc6 48. Rh8 Qxa4 49. Qf3 Qd7 50. g3 Kf6 51. Qh5 Qd5 52. Rf8+ Rf7 53. Qh8+ Rgg7 54. Qh6+ Ke7 55. Rh8 f4 56. gxf4 gxf4 57. Qh4+ Rg5 58. Bc5+ Qxc5 59. Rg8 Qxf2+ 0-1

[Event "Verbandsliga Nordbaden 1819"]
[Site "Baden"]
[Date "2019.01.27"]
[Round "5.3"]
[White "Schuhmacher, Jakob"]
[Black "Tschann, Stephan"]
[Result "1-0"]
[WhiteElo "2012"]
[BlackElo "2216"]
[PlyCount "97"]
[EventDate "2018.10.14"]
[EventType "team-tourn"]
[EventRounds "9"]
[EventCountry "GER"]
[SourceTitle "EXT 2020"]
[Source "ChessBase"]
[SourceDate "2019.10.17"]
[SourceVersion "1"]
[SourceVersionDate "2019.10.17"]
[SourceQuality "1"]
[WhiteTeam "Buchen II"]
[BlackTeam "Ettlingen"]
[WhiteTeamCountry "GER"]
[BlackTeamCountry "GER"]

1. d4 Nf6 2. c4 e6 3. g3 d5 4. Nf3 Bb4+ 5. Bd2 Bd6 6. Bg2 c6 7. 0-0 Nbd7 8. Qc2 dxc4 9. Qxc4 e5 10. dxe5 Nxe5 11. Nxe5 Bxe5 12. Qc2 0-0 13. Bc3 Qc7 14. e4 Rd8 15. Nd2 Be6 16. Rae1 Bxc3 17. Qxc3 Qd7 18. Nb3 b6 19. f4 Bh3 20. Bxh3 Qxh3 21. Qxc6 Rac8 22. Qb5 Ng4 23. Qe2 Rd3 24. Rc1 Rcd8 25. Rc3 Rxc3 26. bxc3 Rd3 27. Nd4 Rxc3 28. Nf5 g6 29. Qxg4 Qxg4 30. Nh6+ Kg7 31. Nxg4 h5 32. Nf2 Ra3 33. Ra1 b5 34. Rb1 a6 35. Rb2 Kf6 36. Kf1 Ke6 37. Ke2 h4 38. gxh4 Kd6 39. Nd3 Ke6 40. Ke3 Kd6 41. h3 Ke6 42. h5 gxh5 43. f5+ Kf6 44. h4 Ra4 45. Rc2 Ra3 46. Kd4 Kg7 47. Rg2+ Kh6 48. Ne5 f6 49. Nd7 1-0

[Event "Split op 7th"]
[Site "Split"]
[Date "2017.08.24"]
[Round "6"]
[White "Tadinac, Sasa"]
[Black "Schuhmacher, Jakob"]
[Result "0-1"]
[WhiteElo "1766"]
[BlackElo "2028"]
[PlyCount "92"]
[EventDate "2017.08.20"]
[EventType "swiss"]
[EventRounds "9"]
[EventCountry "CRO"]
[SourceTitle "CBM 180 Extra"]
[Source "ChessBase"]
[SourceDate "2017.10.06"]
[SourceVersion "1"]
[SourceVersionDate "2017.10.06"]
[SourceQuality "1"]

1. e4 c6 2. d4 d5 3. e5 Bf5 4. Nf3 e6 5. g3 Be7 6. Nbd2 Nd7 7. c4 dxc4 8. Nxc4 Nb6 9. Ne3 Be4 10. Bg2 Bb4+ 11. Ke2 Nd5 12. a3 Qa5 13. Nxd5 Qa6+ 14. Ke3 cxd5 15. Nh4 Bxg2 16. Nxg2 Ne7 17. Kf3 Nc6 18. Be3 Be7 19. Nf4 0-0 20. Kg2 Qb6 21. Qd3 Na5 22. h4 Rac8 23. b4 Nc4 24. Rab1 Nxe3+ 25. fxe3 Rc4 26. Rhc1 Rfc8 27. Ne2 Qc7 28. Qd2 b5 29. Rxc4 bxc4 30. Nc3 Rb8 31. Qc2 f6 32. exf6 Bxf6 33. a4 Qd6 34. Nb5 Qd7 35. Nc3 e5 36. Qd2 Rd8 37. Rd1 Qg4 38. Qe2 Qg6 39. Kh3 h5 40. Qf3 e4 41. Qe2 Be7 42. Na2 Bd6 43. g4 Rf8 44. Kg2 Rf3 45. g5 Qf5 46. Kg1 Rg3+ 0-1

[Event "Oberliga Baden 1617"]
[Site "Baden"]
[Date "2016.10.16"]
[Round "1.8"]
[White "Friedel, Marcus"]
[Black "Schuhmacher, Jakob"]
[Result "1/2-1/2"]
[WhiteElo "2192"]
[BlackElo "2014"]
[PlyCount "46"]
[EventDate "2016.10.16"]
[EventType "team-tourn"]
[EventRounds "9"]
[EventCountry "GER"]
[SourceTitle "EXT 2018"]
[Source "ChessBase"]
[SourceDate "2017.10.13"]
[SourceVersion "1"]
[SourceVersionDate "2017.10.13"]
[SourceQuality "1"]
[WhiteTeam "Ettlingen"]
[BlackTeam "Buchen"]
[WhiteTeamCountry "GER"]
[BlackTeamCountry "GER"]

1. e4 c6 2. d4 d5 3. f3 e6 4. Nc3 Nf6 5. e5 Nfd7 6. f4 c5 7. Nf3 Nc6 8. Be3 Be7 9. Qd2 0-0 10. Ne2 b6 11. Ng3 f6 12. Bb5 Qc7 13. 0-0 cxd4 14. Bxc6 dxe3 15. Qc3 e2 16. Rf2 Rb8 17. Bxd5 Bc5 18. Bxe6+ Kh8 19. Kh1 fxe5 20. Rxe2 exf4 21. Ne4 Nf6 22. Nxc5 bxc5 23. Bxc8 Rbxc8 1/2-1/2

[Event "Verbandsliga Nordbaden 1516"]
[Site "Baden"]
[Date "2016.03.06"]
[Round "7.2"]
[White "Bongartz, Philipp"]
[Black "Schuhmacher, Jakob"]
[Result "1/2-1/2"]
[WhiteElo "2141"]
[BlackElo "2070"]
[PlyCount "168"]
[EventDate "2015.09.27"]
[EventType "team-tourn"]
[EventRounds "9"]
[EventCountry "GER"]
[SourceTitle "EXT 2022"]
[Source "ChessBase"]
[SourceDate "2021.10.06"]
[SourceVersion "1"]
[SourceVersionDate "2021.10.06"]
[SourceQuality "1"]
[WhiteTeam "Leimen"]
[BlackTeam "Buchen II"]
[WhiteTeamCountry "GER"]
[BlackTeamCountry "GER"]

1. e4 c6 2. Nf3 d5 3. Nc3 Bg4 4. h3 Bxf3 5. Qxf3 e6 6. d4 dxe4 7. Qxe4 Nf6 8. Qh4 Bd6 9. Bd2 Nbd7 10. g4 Nd5 11. Qxd8+ Rxd8 12. Nxd5 exd5 13. Bd3 0-0 14. 0-0-0 Rfe8 15. Rdf1 Bc7 16. c3 a6 17. f3 c5 18. dxc5 Nxc5 19. Kc2 d4 20. c4 Bg3 21. b4 Nxd3 22. Kxd3 f5 23. gxf5 Kf7 24. Rhg1 Bh4 25. Rg4 Bf6 26. Re4 Re5 27. Rxe5 Bxe5 28. Bg5 Bf6 29. Bxf6 Kxf6 30. Re1 Rd7 31. Re4 Kxf5 32. c5 g5 33. a4 h5 34. Rxd4 Rf7 35. Kc4 Ke6 36. Rd6+ Ke7 37. Rb6 Kd8 38. Rg6 Rxf3 39. Rxg5 Rxh3 40. b5 Rh4+ 41. Kb3 axb5 42. axb5 Kc7 43. Rg7+ Kc8 44. b6 Rg4 45. Rc7+ Kb8 46. Rh7 Kc8 47. Rxh5 Rf4 48. Rd5 Rh4 49. Kc3 Rg4 50. Rd4 Rg1 51. Kc4 Rh1 52. Re4 Rc1+ 53. Kd5 Rd1+ 54. Ke6 Rh1 55. Re5 Rh2 56. Kd6 Rd2+ 57. Ke7 Rc2 58. Rf5 Re2+ 59. Kd6 Rd2+ 60. Ke6 Re2+ 61. Kd5 Rd2+ 62. Kc4 Rc2+ 63. Kd4 Rd2+ 64. Kc3 Rd1 65. Rf8+ Kd7 66. Rf7+ Kc8 67. Rc7+ Kb8 68. Kc4 Rc1+ 69. Kd5 Rd1+ 70. Ke6 Rh1 71. Re7 Re1+ 72. Kd7 Rd1+ 73. Ke8 Rc1 74. Re5 Kc8 75. Ke7 Rh1 76. Ke6 Rg1 77. Kd5 Rd1+ 78. Kc4 Rc1+ 79. Kb4 Rb1+ 80. Ka3 Kd7 81. Rf5 Kc6 82. Rf7 Kxc5 83. Rxb7 Rxb6 84. Rxb6 Kxb6 1/2-1/2

[Event "BL2-Sued 1415"]
[Site "Germany"]
[Date "2015.02.01"]
[Round "6.8"]
[White "Diaz, Joaquin"]
[Black "Schuhmacher, Jakob"]
[Result "1/2-1/2"]
[WhiteElo "2164"]
[BlackElo "2069"]
[PlyCount "41"]
[EventDate "2014.09.21"]
[EventType "team-tourn"]
[EventRounds "9"]
[EventCountry "GER"]
[SourceTitle "CBM 166 Extra"]
[Source "ChessBase"]
[SourceDate "2015.06.18"]
[SourceVersion "1"]
[SourceVersionDate "2015.06.18"]
[SourceQuality "1"]
[WhiteTeam "Griesheim"]
[BlackTeam "Buchen"]
[WhiteTeamCountry "GER"]
[BlackTeamCountry "GER"]

1. e4 c6 2. c4 d5 3. exd5 cxd5 4. cxd5 Nf6 5. Qa4+ Nbd7 6. Nc3 g6 7. Bc4 Bg7 8. d3 0-0 9. Nf3 a6 10. Qa3 b6 11. 0-0 Bb7 12. Re1 b5 13. Bb3 Re8 14. Ng5 h6 15. Nge4 Nb6 16. Nxf6+ exf6 17. Rxe8+ Qxe8 18. Be3 Qd8 19. Qc5 Nd7 20. Qb4 f5 21. a3 1/2-1/2

[Event "Feffernitz Raika op 23rd"]
[Site "Feffernitz"]
[Date "2014.08.21"]
[Round "7"]
[White "Schuhmacher, Jakob"]
[Black "Meulner, Fabian"]
[Result "1-0"]
[WhiteElo "2069"]
[BlackElo "1914"]
[PlyCount "61"]
[EventDate "2014.08.16"]
[EventType "swiss"]
[EventRounds "9"]
[EventCountry "AUT"]
[SourceTitle "CBM 161 Extra"]
[Source "ChessBase"]
[SourceDate "2014.08.29"]
[SourceVersion "1"]
[SourceVersionDate "2014.08.29"]
[SourceQuality "1"]

1. d4 e6 2. c4 b6 3. Nf3 Bb4+ 4. Bd2 a5 5. g3 Bb7 6. Bg2 Nf6 7. 0-0 Bxd2 8. Nbxd2 d6 9. Qc2 Qe7 10. e3 Nbd7 11. Rfd1 0-0 12. b3 g6 13. a3 Nh5 14. b4 e5 15. Nxe5 dxe5 16. Bxb7 Rab8 17. Bc6 axb4 18. axb4 exd4 19. exd4 Ndf6 20. b5 Rfd8 21. Re1 Qd6 22. Nf3 Ng7 23. Ra7 Ne6 24. Qe2 Rbc8 25. d5 Ng7 26. h3 Nf5 27. g4 Ng7 28. Qe7 Qf4 29. Ne5 Rf8 30. Re3 Ne4 31. Nd3 1-0

[Event "Feffernitz Raika op 23rd"]
[Site "Feffernitz"]
[Date "2014.08.18"]
[Round "4"]
[White "Kainz, Josef"]
[Black "Schuhmacher, Jakob"]
[Result "0-1"]
[WhiteElo "1953"]
[BlackElo "2069"]
[PlyCount "97"]
[EventDate "2014.08.16"]
[EventType "swiss"]
[EventRounds "9"]
[EventCountry "AUT"]
[SourceTitle "CBM 161 Extra"]
[Source "ChessBase"]
[SourceDate "2014.08.29"]
[SourceVersion "1"]
[SourceVersionDate "2014.08.29"]
[SourceQuality "1"]

1. d4 Nf6 2. Nf3 e6 3. Bg5 h6 4. Bh4 Be7 5. e3 b6 6. Bd3 Bb7 7. Nbd2 d6 8. c4 Nbd7 9. Qc2 c5 10. 0-0 g5 11. Bg3 Nh5 12. Ne4 Nxg3 13. fxg3 Nf6 14. Nxf6+ Bxf6 15. Rad1 0-0 16. dxc5 bxc5 17. Qe2 Bg7 18. g4 Rb8 19. b3 a5 20. Nd2 a4 21. Bc2 axb3 22. axb3 Qc7 23. Qd3 Rfd8 24. Qh7+ Kf8 25. Bg6 Rd7 26. Bxf7 Rxf7 27. Rxf7+ Qxf7 28. Rf1 Bf6 29. Qxh6+ Ke7 30. e4 Rh8 31. Qxh8 Bxh8 32. Rxf7+ Kxf7 33. Kf2 Bc3 34. Nf3 Kf6 35. Ke3 d5 36. cxd5 exd5 37. h4 d4+ 38. Kd3 Ba6+ 39. Kc2 gxh4 40. g5+ Kg6 41. Nxh4+ Kxg5 42. Nf3+ Kf4 43. e5 Kf5 44. Kd1 Bb7 45. Nh4+ Kxe5 46. Ke2 Bd5 47. g3 Kf6 48. Nf3 Bxf3+ 49. Kxf3 0-1

[Event "Feffernitz Raika op 22nd"]
[Site "Feffernitz"]
[Date "2013.08.22"]
[Round "6"]
[White "Kosmac, Blaz"]
[Black "Schuhmacher, Jakob"]
[Result "1-0"]
[WhiteElo "2209"]
[BlackElo "1990"]
[PlyCount "65"]
[EventDate "2013.08.18"]
[EventType "swiss"]
[EventRounds "9"]
[EventCountry "AUT"]
[SourceTitle "CBM 156 Extra"]
[Source "ChessBase"]
[SourceDate "2013.10.22"]
[SourceVersion "1"]
[SourceVersionDate "2013.10.22"]
[SourceQuality "1"]

1. e4 c6 2. Ne2 d5 3. e5 g6 4. d4 Bg7 5. Be3 f6 6. exf6 exf6 7. Qd2 Ne7 8. Bh6 0-0 9. h4 Nf5 10. Bxg7 Nxg7 11. Nbc3 b5 12. Ng3 Nf5 13. Nxf5 Bxf5 14. 0-0-0 Nd7 15. h5 g5 16. Bd3 Bxd3 17. Qxd3 Nb6 18. f4 Qd7 19. h6 Rae8 20. Rde1 Rxe1+ 21. Rxe1 Re8 22. Rxe8+ Qxe8 23. fxg5 fxg5 24. Qg3 Qe7 25. Nd1 Nc4 26. Qh3 Qe1 27. Qc8+ Kf7 28. Qf5+ Ke8 29. Qxg5 Qe7 30. Qf5 Qd6 31. Qg5 Qe7 32. Qg4 Qd7 33. Qg8+ 1-0

[Event "Feffernitz Raika op 22nd"]
[Site "Feffernitz"]
[Date "2013.08.18"]
[Round "2"]
[White "Kesik, Klaus Dieter"]
[Black "Schuhmacher, Jakob"]
[Result "1-0"]
[WhiteElo "2233"]
[BlackElo "1990"]
[PlyCount "103"]
[EventDate "2013.08.18"]
[EventType "swiss"]
[EventRounds "9"]
[EventCountry "AUT"]
[SourceTitle "CBM 156 Extra"]
[Source "ChessBase"]
[SourceDate "2013.10.22"]
[SourceVersion "1"]
[SourceVersionDate "2013.10.22"]
[SourceQuality "1"]

1. d4 Nf6 2. Bg5 Ne4 3. Bf4 c5 4. f3 Qa5+ 5. c3 Nf6 6. Nd2 cxd4 7. Nb3 Qb6 8. Qxd4 Nc6 9. Qxb6 axb6 10. a3 Nd5 11. Bd2 f5 12. Nd4 g6 13. Nb5 Na7 14. e4 fxe4 15. fxe4 Nxb5 16. Bxb5 Nc7 17. Bd3 Bg7 18. Be3 Ne6 19. Bxb6 Nf4 20. Bf1 Ra4 21. 0-0-0 Rxe4 22. g3 Ne6 23. Bd3 Re5 24. Nf3 Rd5 25. Bxg6+ hxg6 26. Rxd5 d6 27. h4 Bd7 28. Rf1 Bc6 29. Ra5 0-0 30. Nd2 Be5 31. Rxf8+ Kxf8 32. Bf2 b6 33. Rxe5 dxe5 34. Bxb6 Kf7 35. Nf1 Ng7 36. Bf2 Ke6 37. Ne3 Nf5 38. b3 Nxe3 39. Bxe3 Kf5 40. Bc5 e6 41. Bd6 e4 42. Kd2 e5 43. c4 Ke6 44. Bb8 Bb7 45. b4 Bc8 46. b5 Kf5 47. a4 Be6 48. c5 Kg4 49. Bxe5 Kf3 50. Bf4 Bb3 51. c6 Be6 52. b6 1-0

[Event "Oberliga Baden 1213"]
[Site "Baden"]
[Date "2013.02.24"]
[Round "7.8"]
[White "Engel, Berthold"]
[Black "Schuhmacher, Jakob"]
[Result "1/2-1/2"]
[WhiteElo "2175"]
[BlackElo "1962"]
[PlyCount "44"]
[EventDate "2012.10.14"]
[EventType "team-tourn"]
[EventRounds "9"]
[EventCountry "GER"]
[SourceTitle "EXT 2014"]
[Source "ChessBase"]
[SourceDate "2013.11.20"]
[SourceVersion "1"]
[SourceVersionDate "2013.11.20"]
[SourceQuality "1"]
[WhiteTeam "Kirchheim"]
[BlackTeam "Buchen"]
[WhiteTeamCountry "GER"]
[BlackTeamCountry "GER"]

1. e4 c6 2. d3 d5 3. Nd2 e5 4. Ngf3 Bd6 5. Be2 Nf6 6. 0-0 Nbd7 7. c3 Nf8 8. exd5 cxd5 9. d4 e4 10. Ne1 h5 11. Bb5+ Bd7 12. Bxd7+ Qxd7 13. Nc2 Ng6 14. Re1 Ng4 15. Nf1 Qc7 16. g3 Qd7 17. Nce3 Nf6 18. c4 h4 19. Nxd5 Nxd5 20. cxd5 f5 21. Bg5 hxg3 22. fxg3 Rc8 1/2-1/2

[Event "Oberliga Baden 1213"]
[Site "Baden"]
[Date "2013.01.13"]
[Round "5.8"]
[White "Vogelbacher, Georg"]
[Black "Schuhmacher, Jakob"]
[Result "1/2-1/2"]
[WhiteElo "2136"]
[BlackElo "1946"]
[PlyCount "59"]
[EventDate "2012.10.14"]
[EventType "team-tourn"]
[EventRounds "9"]
[EventCountry "GER"]
[SourceTitle "EXT 2014"]
[Source "ChessBase"]
[SourceDate "2013.11.20"]
[SourceVersion "1"]
[SourceVersionDate "2013.11.20"]
[SourceQuality "1"]
[WhiteTeam "Waldshut"]
[BlackTeam "Buchen"]
[WhiteTeamCountry "GER"]
[BlackTeamCountry "GER"]

1. d4 Nf6 2. c4 e6 3. Nc3 Bb4 4. Nf3 0-0 5. Bg5 d6 6. e4 Bxc3+ 7. bxc3 Nc6 8. e5 dxe5 9. Nxe5 Nxe5 10. dxe5 Qxd1+ 11. Rxd1 Ne4 12. Be7 Re8 13. Rd8 Rxd8 14. Bxd8 c5 15. Be7 b6 16. f3 Nxc3 17. a3 Nb1 18. Bd3 Nxa3 19. Be4 Rb8 20. Bd6 Rb7 21. Bxb7 Bxb7 22. Bb8 a5 23. Ba7 Nxc4 24. Kf2 a4 25. Bxb6 Nxe5 26. Rd1 Bd5 27. Bxc5 h6 28. Bb4 Kh7 29. h3 Bb3 30. Rd2 1/2-1/2

[Event "Vellmar op-A 4th"]
[Site "Vellmar"]
[Date "2012.07.29"]
[Round "6"]
[White "Hefner, Felix"]
[Black "Schuhmacher, Jakob"]
[Result "0-1"]
[WhiteElo "1847"]
[BlackElo "1945"]
[PlyCount "134"]
[EventDate "2012.07.26"]
[EventType "swiss"]
[EventRounds "7"]
[EventCountry "GER"]
[SourceTitle "EXT 2014"]
[Source "ChessBase"]
[SourceDate "2013.11.20"]
[SourceVersion "1"]
[SourceVersionDate "2013.11.20"]
[SourceQuality "1"]

1. c4 Nf6 2. Nc3 e5 3. Nf3 d6 4. e3 g6 5. d4 e4 6. Nd2 Qe7 7. Be2 Bg7 8. 0-0 0-0 9. f3 exf3 10. Nxf3 c6 11. Bd3 d5 12. cxd5 cxd5 13. Qb3 Be6 14. Ng5 Nc6 15. Nxe6 fxe6 16. Bd2 Ng4 17. h3 Nxd4 18. exd4 Bxd4+ 19. Kh1 Nf2+ 20. Rxf2 Bxf2 21. Nxd5 exd5 22. Qxd5+ Qf7 23. Bc4 Qxd5 24. Bxd5+ Kg7 25. Bc3+ Kh6 26. Bxb7 Rad8 27. Rf1 Bg3 28. Bf3 Rfe8 29. Bc6 Re6 30. Bf3 Ree8 31. Bc6 Re2 32. Bf3 Rf2 33. Rc1 Bf4 34. Re1 Rc2 35. Kg1 Rc1 36. Kf1 Rxe1+ 37. Kxe1 Re8+ 38. Kd1 Be5 39. Kc2 Bxc3 40. bxc3 Kg5 41. c4 Re3 42. c5 Kf6 43. c6 Ke7 44. Kc1 Kd6 45. Kc2 g5 46. Kc1 Rxf3 47. gxf3 Kxc6 48. Kc2 Kd5 49. Kd3 Ke5 50. Ke3 h5 51. a4 a5 52. Kd3 Kf4 53. Kc4 Kxf3 54. Kb5 g4 55. hxg4 hxg4 56. Kxa5 g3 57. Kb6 g2 58. a5 g1Q+ 59. Kb7 Ke4 60. a6 Kd5 61. a7 Qg7+ 62. Ka6 Qf6+ 63. Kb7 Qe7+ 64. Kb6 Qd8+ 65. Kb7 Qd7+ 66. Kb8 Kc6 67. a8Q+ Kb6 0-1

[Event "Vlissingen HZ op 15th"]
[Site "Vlissingen"]
[Date "2011.07.30"]
[Round "1"]
[White "Timmermans, Ivo"]
[Black "Schuhmacher, Jakob"]
[Result "1/2-1/2"]
[WhiteElo "2232"]
[BlackElo "1841"]
[PlyCount "52"]
[EventDate "2011.07.30"]
[EventType "swiss"]
[EventRounds "9"]
[EventCountry "NED"]
[SourceTitle "CBM 143 Extra"]
[Source "ChessBase"]
[SourceDate "2011.08.29"]
[SourceVersion "1"]
[SourceVersionDate "2011.08.29"]
[SourceQuality "1"]

1. e4 c6 2. d4 d5 3. e5 Bf5 4. Be3 e6 5. c3 Nd7 6. Nd2 c5 7. Bb5 cxd4 8. Bxd4 a6 9. Bxd7+ Qxd7 10. f4 Be7 11. Ngf3 Rc8 12. 0-0 Nh6 13. Qe2 Bg4 14. h3 Bxf3 15. Nxf3 Nf5 16. Bf2 h5 17. g4 hxg4 18. hxg4 Nh4 19. Bxh4 Bxh4 20. Qh2 Qe7 21. g5 Qc5+ 22. Kg2 Qb5 23. Kh1 Qd3 24. Nxh4 Qh7 25. Nf3 Qg8 26. Nh4 Qh7 1/2-1/2